00636nam a2200169 i 4500001000300000100002300003245013300026260004500159300003200204504003600236700002800272040000800300041000800308080001100316008004100327856009800368bg1 aFRIEDMAN, Artur D. 0aWykrywanie uszkodzeń w układach cyfrowych /cArtur Friedman, Premachandran R. Menon ; Tłum. [z ang.] Kazimierz Bieńkowski. aWarszawa :bWydawn. Nauk.-Techn.,c1974. as. 175 :brys., tab., tabl. a[Zawiera bibliogr. s. 166-167].1 aMENON, Premachandran R. cBPK apol a681.32 s pl f |000 0 pol  uhttp://koha.tu.koszalin.pl/cgi-bin/koha/opac-detail.pl?biblionumber=26326yKatalog online BPK